Seleções da CONCACAF pelo Ranking da FIFA - Statistics

Estatísticas Gerais
  • Esse quiz foi jogado 63 vezes
    8 desde o último reset
  • A pontuação média é 17 de 20
Estatísticas das Respostas
Rank Inicial Seleção % Correto
30 C Canadá
100%
51 C Costa Rica
100%
82 C Curaçao
100%
16 E Estados Unidos
100%
66 H Honduras
100%
71 J Jamaica
100%
15 M México
100%
33 P Panamá
100%
162 A Antígua e Barbuda
80%
100 E El Salvador
80%
163 G Granada
80%
96 G Guatemala
80%
150 G Guiana
80%
83 H Haiti
80%
131 N Nicarágua
80%
143 R República Dominicana
80%
152 S São Cristóvão e Nevis
80%
125 S Suriname
80%
102 T Trinidad e Tobago
80%
156 P Porto Rico
60%
Nenhum quiz correspondente encontrado
Distribuição das Pontuações
Porcentagem de Pessoas com Cada Pontuação
Percentil de Números Respondidos
Sua Pontuação Histórica
Você não jogou esse quiz desde o último reset